000 00282nam a22001337a 4500
008 181015b xxu||||| |||| 00| 0 eng d
020 _a1563631172
041 _aeng
080 _a610
100 _a4
101 _aSHM
245 _aMedical Dictionary
_cjame.k
942 _2udc
_cBK
999 _c49667
_d49667